01146nam a2200289Ia 450000500170000000800410001702000150005810000170007324500850009025000190017530000270019465000380022165000420025965000340030165000340033570000360036994200150040526400280042033600270044833700330047533800280050804000350053608400110057199900150058295201320059795201270072920220317000738.0160601s2005 ve g 000 0 spa  a98029330231 aColfer, Eoin10aArtemis Fowl bencuentro en el Ártico cEoin Colfer ; traducción Ana Alcaina a1a. edición  a319 páginas c18 cm 142LEMBaNovela irlandesa vSiglo XX142LEMBaLiteratura irlandesa ySiglo XX142LEMBaMagia en la literatura 142LEMBaHadas en la literatura 1 aAlcaina, Anaetraductor 953862 2loccBKLIT aCaracas bMontenac2005 atextobtxt2rdacontent asin mediaciónbn2rdamedia avolumenbnc2rdacarrier aCO-BoRNBPbspaerdacCO-BoRNBP aN COL9 c4938d4938 00102ddc40708001aMEMAPIRIbMEMAPIRIcLITd2024-01-16l0oN COL9pMAP00002085r2024-01-16 16:22:34tEj.1w2024-01-16yBKLIT 00102ddc40708GENaMEURIBEbMEURIBEcLITd2024-09-30l0oN COL9pURI01466r2024-09-30 12:23:34tEj.1w2024-09-30yBKLIT